000 00352nam a2200109Ia 4500
008 171204s9999 xx 000 0 und d
245 _aAndroid OS: Marketability of Android Operating System:
245 _cSherwyn Allibang
260 _c2016
650 _xADVANCED OPERATING SYSTEM AND NETWORKING
856 _uhttp://down.ebook777.com/032/B01K1LIDJW.pdf
999 _c347098
_d347098